Venezuela (Record no. 149257)
[ view plain ]
| 000 -LEADER | |
|---|---|
| campo de control de longitud fija | 00650nam a2200169 i 4500 |
| 001 - NÚMERO DE CONTROL | |
| campo de control | 149257 |
| 003 - IDENTIFICADOR DE NÚMERO DE CONTROL | |
| campo de control | ES-MaACL |
| 005 - FECHA Y HORA DE LA ÚLTIMA TRANSACCIÓN | |
| campo de control | 20230906203021.0 |
| 007 - CAMPO FIJO DE DESCRIPCIÓN FÍSICA--INFORMACIÓN GENERAL | |
| campo de control de longitud fija | t| |
| 008 - DATOS DE LONGITUD FIJA--INFORMACIÓN GENERAL | |
| campo de control de longitud fija | 071019s1905 ve ||||1| spa d |
| 100 1# - ENTRADA PRINCIPAL--NOMBRE DE PERSONA | |
| Nombre de persona | Veloz Goiticoa, N. |
| 9 (RLIN) | 113863 |
| 245 10 - MENCIÓN DEL TÍTULO | |
| Título | Venezuela |
| Resto del título | : esbozo geográfico, recursos naturales, legislación, condiciones económicas, desarrollo alcanzado, prospecto de futuro, desenvolvimiento / |
| Mención de responsabilidad, etc. | editado y compilado por N. Veloz Goiticoa. |
| 260 ## - PUBLICACIÓN, DISTRIBUCIÓN, ETC. | |
| Lugar de publicación, distribución, etc. | Caracas : |
| Nombre del editor, distribuidor, etc. | [s.n.], |
| Fecha de publicación, distribución, etc. | 1905 ( |
| Fabricante | Imp. Bolívar) |
| 300 ## - DESCRIPCIÓN FÍSICA | |
| Extensión | 36 h. de lám., VIII, 695 p. ; |
| Dimensiones | 24 cm. |
| 651 #4 - PUNTO DE ACCESO ADICIONAL DE MATERIA--NOMBRE GEOGRÁFICO | |
| Nombre geográfico | Venezuela- |
| Subdivisión general | Descripción. |
| 9 (RLIN) | 9517 |
| 852 ## - LOCALIZACIÓN | |
| Ubicación | ES-MaACL |
| Número de control de estantería | G-8706 |
| Estatus retirado | Estado de pérdida | Estado de daño | No para préstamo | Biblioteca de origen | Biblioteca actual | Ubicación en estantería | Fecha de adquisición | Fuente de adquisición | Total de préstamos | Signatura topográfica completa | Código de barras | Visto por última vez | Precio de reemplazo | Tipo de ítem Koha |
|---|---|---|---|---|---|---|---|---|---|---|---|---|---|---|
| Biblioteca del Ateneo de Madrid | Biblioteca del Ateneo de Madrid | Sala Pecera Planta 3 | 17/01/2008 | G-8706 | 1155753 | 23/02/2023 | 23/02/2023 | Libro impreso |
